Spin crossover komplexy železa (III) s pentadentátnymi N3O2 Schiffovými ligandami diplomová práca

Saved in:
Bibliographic Details
Main Author: Masárová, Petra
Format: Book
Language:English
Published: Bratislava STU FCHPT 2014
Online Access:View in OPAC
Tags: Add Tag
No Tags, Be the first to tag this record!

MARC

LEADER 00000nam a2200000 a 4500
005 20260127134111.0
008 140618 2014 000 0 eng d
035 |a vtls010604313 
039 9 |y 201406181131  |z mschk03 
040 |a STUSCHK1  |b slo  |c STUSCHK1  |e AACR2 
100 1 |a Masárová, Petra 
245 1 |a Spin crossover komplexy železa (III) s pentadentátnymi N3O2 Schiffovými ligandami  |b diplomová práca  |c Petra Masárová 
260 |a Bratislava  |b STU FCHPT  |c 2014 
300 |a 88 s.  |b il.  |c 30 cm 
500 |a Obhájené: 9.6.2014 
500 |a Štud. program: technická chémia 
500 |a Štud. odbor: chémia, chemické technológie 
500 |a Škol. pracovisko: Odd. anorganickej chémie 
500 |a Evid. číslo: FCHPT-5459-69398 
910 |a SCHK95 
999 |c 4078  |d 4078